Government and politics in Latin America
Kaydedildi:
| Yazar: | |
|---|---|
| Materyal Türü: | Kitap |
| Dil: | İngilizce |
| Baskı/Yayın Bilgisi: |
Nueva York
Random
1963
|
| Edisyon: | 2a. ed |
| Seri Bilgileri: | Studies in Political Science
|
| Konular: | |
| Etiketler: |
Etiketle
Etiket eklenmemiş, İlk siz ekleyin!
|
MARC
| LEADER | 00000nam a2200000 a 4500 | ||
|---|---|---|---|
| 001 | UCT6869 | ||
| 003 | CL-VaPUC | ||
| 008 | 970113e19630000US |||||||||||||||||eng|d | ||
| 082 | 0 | 4 | |a 320.98 |b GOM |2 21 |
| 100 | |a Gómez, Rosendo Adolfo |e author |9 377183 | ||
| 245 | 1 | 0 | |a Government and politics in Latin America |
| 250 | |a 2a. ed | ||
| 300 | |a 128 p | ||
| 942 | |c BK | ||
| 945 | |d 19970113 00:00:00 |a paguirre | ||
| 260 | |a Nueva York |b Random |c 1963 | ||
| 650 | 7 | |a SISTEMAS POLITICOS |2 CL-VaPUC |9 377184 | |
| 650 | 0 | |a Gobierno |9 255508 | |
| 650 | 0 | |a Elecciones |9 254997 | |
| 650 | 0 | |a Violencia |9 255411 | |
| 650 | 7 | |a REVOLUCIONES POLITICAS |2 CL-VaPUC |9 377185 | |
| 650 | 0 | |a Etica política |9 255799 | |
| 650 | 0 | |a Poder ejecutivo |9 255177 | |
| 650 | 0 | |a Poder legislativo |9 258808 | |
| 651 | 0 | |a América Latina |9 255027 | |
| 583 | |a last modification |c 19970113 00:00:00 |k Rodrigo Vera | ||
| 490 | 0 | |a Studies in Political Science | |
| 999 | |c 255539 |d 255537 | ||
| 952 | |0 0 |1 0 |4 0 |6 320_980000000000000_GOM_1963 |7 0 |8 P |9 277808 |a BIBDER |b BIBDER |d 2019-11-19 |i 1803530 |o 320.98 GOM 1963 |p 1803530 |r 2023-01-25 |w 2019-11-19 |y BK |k DER | ||